<?xml version="1.0" encoding="UTF-8"?>
<marc:record xmlns:marc="http://www.loc.gov/MARC21/slim">
   <marc:leader>00000nam a2200000 a 4500</marc:leader>
   <marc:datafield ind1="1" ind2=" " tag="100">
      <marc:subfield code="a">Beiser, Rudi</marc:subfield>
      <marc:subfield code="4">aut</marc:subfield>
      <marc:subfield code="e">Verfasser/-in</marc:subfield>
   </marc:datafield>
   <marc:datafield ind1=" " ind2=" " tag="653">
      <marc:subfield code="a">Sachbuch Natur (ab 7/16)</marc:subfield>
   </marc:datafield>
   <marc:datafield ind1=" " ind2=" " tag="653">
      <marc:subfield code="a">Softcover / Ratgeber/Natur/Naturführer</marc:subfield>
   </marc:datafield>
   <marc:datafield ind1="0" ind2="0" tag="245">
      <marc:subfield code="a">Geheimnisse der Hecken</marc:subfield>
   </marc:datafield>
   <marc:datafield ind1="0" ind2="0" tag="245">
      <marc:subfield code="b">Heilkraft, Mythen und Kulturgeschichte unserer Sträucher</marc:subfield>
   </marc:datafield>
   <marc:datafield ind1="0" ind2="0" tag="245">
      <marc:subfield code="c">Rudi Beiser</marc:subfield>
   </marc:datafield>
   <marc:datafield ind1=" " ind2="1" tag="264">
      <marc:subfield code="a">Stuttgart (Hohenheim)</marc:subfield>
      <marc:subfield code="b">Ulmer</marc:subfield>
      <marc:subfield code="c">2019</marc:subfield>
   </marc:datafield>
   <marc:datafield ind1="1" ind2=" " tag="520">
      <marc:subfield code="a">Angaben aus der Verlagsmeldung

Geheimnisse der Hecken : Heilkraft, Mythen und Kulturgeschichte unserer Sträucher / von Rudi Beiser

Menschen und Hecken pflegen seit Jahrtausenden eine Beziehung der besonderen Art – man denke nur an den Hollerbusch. Holunder, Schlehe, Weißdorn waren nicht nur Feldgrenzen. Sie hatten im Volksglauben eine wichtige Schutzfunktion, inspirierten zu Mythen und Legenden, spendeten Früchte und Blätter für Nahrung und Medizin. Rudi Beiser, bekannt für sein umfangreiches Wissen zur aktuellen Heilpflanzenkunde, zu Brauchtum und Volksheilkunde, nimmt Sie mit auf eine Reise zu 23 unserer heimischen Sträucher. Er beleuchtet Volksglauben, traditionelle und moderne Naturheilkunde mit Heil- und Genussrezepten, die ökologische Bedeutung und Tipps für Sträucher im eigenen Garten.
</marc:subfield>
   </marc:datafield>
   <marc:datafield ind1=" " ind2=" " tag="020">
      <marc:subfield code="a">9783818607265</marc:subfield>
      <marc:subfield code="9">9783818607265</marc:subfield>
   </marc:datafield>
   <marc:datafield ind1=" " ind2=" " tag="041">
      <marc:subfield code="a">ger</marc:subfield>
   </marc:datafield>
   <marc:datafield ind1=" " ind2=" " tag="300">
      <marc:subfield code="a">256 Seiten</marc:subfield>
   </marc:datafield>
</marc:record>
